Loading...
| History - American History | 0 | 7 | 0 | 0 | 70 | 46 | 63.00 | 5 | 7 |
| History - World History | 0 | 7 | 2 | 2 | 60 | 54 | 82.86 | 2 | 5 |
| History - Other History | 0 | 3 | 0 | 0 | 30 | 80 | 94.33 | 1 | 2 |
| Science - Physics | 0 | 2 | 0 | 0 | 20 | 35 | 43.50 | 2 | 2 |
| History - European History | 0 | 2 | 1 | 0 | 15 | 57 | 61.50 | 2 | 2 |
| Social Science | 0 | 1 | 0 | 0 | 10 | 76 | 76.00 | 1 | 1 |
| Fine Arts - Painting and Sculpture | 0 | 1 | 0 | 0 | 10 | 74 | 74.00 | 0 | 1 |
| Literature - European Literature | 0 | 1 | 0 | 0 | 10 | 67 | 67.00 | 0 | 1 |
| Philosophy | 0 | 1 | 0 | 0 | 10 | 91 | 91.00 | 0 | 0 |
| Science - Chemistry | 0 | 1 | 0 | 0 | 10 | 43 | 43.00 | 0 | 1 |
| Science - Other Science | 0 | 0 | 0 | 0 | 0 | 0.00 | 0 | 0 | |
| Fine Arts - Other Fine Arts | 0 | 0 | 1 | 0 | -5 | 0.00 | 0 | 0 |